Normal view MARC view

Entry Personal Name

Number of records used in: 1

001 - CONTROL NUMBER

  • control field: 52427

003 - CONTROL NUMBER IDENTIFIER

  • control field: OSt

005 - DATE AND TIME OF LATEST TRANSACTION

  • control field: 20250425125233.0

008 - FIXED-LENGTH DATA ELEMENTS

  • fixed length control field: 250425|| aca||aabn | a|a d

040 ## - CATALOGING SOURCE

  • Original cataloging agency: OSt
  • Transcribing agency: OSt

100 ## - HEADING--PERSONAL NAME

  • Personal name: Kumar, Abinash and Anjani Ghosh, Kumar

670 ## - SOURCE DATA FOUND

  • Source citation: Work cat.: (OSt): Kumar, Abinash and Anjani Ghosh, Kumar , Identity, inequality and social justice in Bihar: A study in the light of caste-based survey

Powered by Koha